000 01395nam0a2200313 4500
001 RU\NLR\bibl\212717
005 20250619101444.0
021 _aRU
_b2002-8184
_9401
035 _a(NLR Aleph) 000208883
090 _a1212118
_c1212118
100 _a20011213d2000 |||y0rusy50 ca
101 0 _arus
102 _aRU
105 _aa z |||||
200 1 _aТворчество на уроках искусства в начальной школе
_eЭврист. технологии в эстет. воспитании мл. школьников
_eМетод. рекомендации и разраб.
_f[А.Б. Афанасьева и др.]
210 _aСПб.
_cИзд-во РГПУ
_d2000
215 _a64,[1] с.
_cил.
_d20
225 1 _aЭстетическая библиотека учителя
_vВып. 3
316 _aС дарств. надписью
_5NLR
320 _aБиблиогр.: с. 63-64 (28 назв.)
606 0 _aИскусство
_xМетодика преподавания
_xНачальная школа
_9985873
_3RU\NLR\auth\66371746
606 0 _aИскусство
_xПреподавание
_xНачальная школа
_92180123
_3RU\NLR\auth\661311075
686 _aЧ426.64-2,01
702 1 _aАфанасьева
_bА. Б.
_4220
801 0 _aRU
_bNLR
_c20011213
_gPSBO
801 1 _aRU
_bNLR
_c20011213
942 _cBOOK
980 _aNB